00447nam a2200169 a 450000100060000000300090000600800410001504000280005608200160008410000270010024500460012726000300017330000100020365000200021365000170023365000270025012304CO-ViMGA141112s2004 ck r 000 u spa d aCO-ViMGAbspacCO-ViMGA04a150.192 P441 aRuitenbeek, Hendrik M.10aPsicoanálisis y filosofía Existencial aMadrid : bGredos, c1972 a294p.14aEXISTENCIALISMO14aPSICOANALISI14aPSICOLOGIA EXISTENCIAL